Detection Dog, the canine companion in customs; (Record no. 9602)
[ view plain ]
| 000 -LEADER | |
|---|---|
| fixed length control field | 00379nam a22001097a 4500 |
| 008 - FIXED-LENGTH DATA ELEMENTS--GENERAL INFORMATION | |
| fixed length control field | 230522b |||||||| |||| 00| 0 eng d |
| 082 ## - DEWEY DECIMAL CLASSIFICATION NUMBER | |
| Classification number | 636.7 |
| 100 ## - MAIN ENTRY--PERSONAL NAME | |
| Personal name | G. Sreekumar Menon, Anees C., and Ani Bency Jacob |
| 245 ## - TITLE STATEMENT | |
| Title | Detection Dog, the canine companion in customs; |
| Remainder of title | National Academy of Customs, Excise and Narcotics, Faridabad - 121008 |
| 300 ## - PHYSICAL DESCRIPTION | |
| Extent | 190 p. |
| Dimensions | 23 cm |
| 942 ## - Added entry Elements (Koha) | |
| Source of classification or shelving scheme | Dewey Decimal Classification |
| Withdrawn status | Lost status | Source of classification or shelving scheme | Damaged status | Not for loan | Collection code | Home library | Current library | Shelving location | Date acquired | Serial Enumeration / chronology | Total Checkouts | Full call number | Barcode | Date last seen | Price effective from | Koha item type |
|---|---|---|---|---|---|---|---|---|---|---|---|---|---|---|---|---|
| Dewey Decimal Classification | Main TEST | RTC Library | RTC Library | Main opac | 22/05/2023 | 177463 | 636.7 MEN | 30018791 | 22/05/2023 | 22/05/2023 | Main |